| 000 | 00997nam a22003257a 4500 | ||
|---|---|---|---|
| 003 | CHAP | ||
| 005 | 20220329143719.0 | ||
| 008 | 110330s1988 us a r 00010 eng d | ||
| 010 | _a100786 | ||
| 011 | _a101758 | ||
| 020 | _a0892812850 | ||
| 035 | _a112446 | ||
| 040 | _cCHAP | ||
| 082 | 0 | 4 |
_a615.321 _bC33 |
| 110 | 1 |
_aCERES _921489 |
|
| 245 | 1 | 0 |
_aHerbal teas : _bfor health and healing _c/por CERES |
| 260 |
_aRochester, Vermont : _bHealing Arts, _cc1988 |
||
| 300 |
_a96 p. : _bilus. |
||
| 590 |
_aBATCH-UPD _b10 _c20130110 _lUCH01 _h1137 |
||
| 590 |
_aBATCH-UPD _b10 _c20130410 _lUCH01 _h0724 |
||
| 590 |
_aBATCH-UPD _b10 _c20130914 _lUCH01 _h0743 |
||
| 590 |
_aCONVERSION _b10 _c20130109 _lUCH01 _h1356 |
||
| 650 | 1 | 4 |
_aBotánica médica. _914680 |
| 650 | 1 | 4 |
_aFarmacología. _939762 |
| 650 | 1 | 4 |
_aPlantas aromáticas. _988900 |
| 650 | 1 | 4 |
_aTerapéutica fisiológica. _9112346 |
| 901 | _aBK | ||
| 942 | _cLIBRO | ||
| 949 |
_a615.321 C33 _bBC _cLIBRO _d33724002236611 _eLIBRO _h114499 _i112446 _sb |
||
| 999 |
_c100786 _d100786 |
||